Polmiliónová armáda

Prehľad štatistických údajov o nezamestnanosti na Slovensku podľa krajov. Vývoj nezamestnanosti v januári 2001. Príčiny nezamestnanosti na Slovensku. Nezamestnanosť a nelegálna práca.

Salvato in:
Dettagli Bibliografici
Autore principale: Václavová, Želmíra
Natura: Capitolo di libro
Lingua:slovacco
Soggetti:
Tags: Aggiungi Tag
Nessun Tag, puoi essere il primo ad aggiungerne!!

MARC

LEADER 00000naa a2200000 4500
001 r040943
005 20230920072632.6
041 0 |a slo 
044 |a SK 
245 1 0 |a Polmiliónová armáda  |c Želmíra Václavová 
520 |a Prehľad štatistických údajov o nezamestnanosti na Slovensku podľa krajov. Vývoj nezamestnanosti v januári 2001. Príčiny nezamestnanosti na Slovensku. Nezamestnanosť a nelegálna práca. 
610 2 0 |a trh práce 
610 2 0 |a nezamestnanosť 
610 2 0 |a regióny 
610 2 0 |a Slovensko 
610 2 0 |a práca nelegálna 
100 1 |a Václavová, Želmíra